Ťažké kovy v čistiarenských kaloch
Stručná charakteristika vplyvu kovov na poľnohospodársku produkciu. Základné podmienky využita čistiarenských kalov v poľnohospodárstve. Možnosti odstraňovania ťažkých kovov z kalov - postupy a metódy.
Salvato in:
| Autore principale: | |
|---|---|
| Natura: | Capitolo di libro |
| Lingua: | slovacco |
| Soggetti: | |
| Tags: |
Nessun Tag, puoi essere il primo ad aggiungerne!!
|
MARC
| LEADER | 00000naa a2200000 4500 | ||
|---|---|---|---|
| 001 | 0167516 | ||
| 005 | 20231208080830.8 | ||
| 041 | 0 | |a slo | |
| 044 | |a SK | ||
| 245 | 1 | 0 | |a Ťažké kovy v čistiarenských kaloch |c Dagmar Samešová |
| 520 | |a Stručná charakteristika vplyvu kovov na poľnohospodársku produkciu. Základné podmienky využita čistiarenských kalov v poľnohospodárstve. Možnosti odstraňovania ťažkých kovov z kalov - postupy a metódy. | ||
| 610 | 2 | 0 | |a inžinierstvo environmentálne |
| 610 | 2 | 0 | |a čistiarne vôd odpadových |
| 610 | 2 | 0 | |a kovy |
| 610 | 2 | 0 | |a kovy ťažké |
| 610 | 2 | 0 | |a pôda poľnohospodárska |
| 610 | 2 | 0 | |a bezpečnosť environmentálna |
| 100 | 1 | |a Samešová, Dagmar | |